000 00335nam a2200145 i 4500
001 bg
100 1 _aTJABLIKOV, S. V.
245 0 _aMetody kvantovoj teorii magnetizma /
_cS.V. Tjablikov.
250 _aWyd.2.
260 _aMoskwa,
_c1975.
040 _cBPK
041 _apol
942 _cKS
008 s pl f |000 0 pol
999 _c470
_d470
856 _uhttp://koha.tu.koszalin.pl/cgi-bin/koha/opac-detail.pl?biblionumber=470
_yKatalog online BPK